Prácticas y tareas de probabilidad y estadística (Registro nro. 7364)
[ vista simple ]
| 000 -Cabecera | |
|---|---|
| Campo de control de longitud fija | 00894nam a22003377a 4500 |
| 005 - Fecha y hora de la última transacción | |
| Campo de control | 20251114195404.0 |
| 008 - Elementos de longitud fija--Información general | |
| Campo de control de longitud fija | 160113b2016 xxu||||| |||| 00| 0 spa d |
| 020 ## - International Standard Book Number | |
| Número Internacional Estándar del Libro (ISBN) | 9789977653648 |
| 041 ## - Idioma | |
| Código de idioma | Español |
| 082 ## - Clasificación Decimal Dewey | |
| Número de clasificación | 519.2 B957p |
| 100 ## - Entrada principal--Autor personal | |
| Nombre personal | Burgos Gómez, Elio Arturo |
| 9 (RLIN) | 742 |
| 100 ## - Entrada principal--Autor personal | |
| Nombre personal | Baltodano, Victor Julio |
| 100 ## - Entrada principal--Autor personal | |
| Nombre personal | Rodríguez, Rigoberto |
| 245 ## - Título propiamente dicho | |
| Título | Prácticas y tareas de probabilidad y estadística |
| 260 ## - Pie de imprenta | |
| Lugar de publicación, distribución, etc. | Costa Rica |
| 260 ## - Pie de imprenta | |
| Nombre del editor, distribuidor, etc. | EUNA |
| 260 ## - Pie de imprenta | |
| Fecha de publicación, distribución, etc. | 2016 |
| 300 ## - Descripción física | |
| Extensión | 153 páginas |
| 490 ## - Serie | |
| Título de la Serie | Gestión de Calidad |
| 490 ## - Serie | |
| Título de la Serie | Dirección y Administración de Empresas |
| 650 ## - Materia general | |
| Temática (materia general) | PROBABILIDAD |
| 650 ## - Materia general | |
| Temática (materia general) | ESTADÍSTICA |
| 650 ## - Materia general | |
| Temática (materia general) | PROBLEMAS Y EJERCICIOS |
| 650 ## - Materia general | |
| Temática (materia general) | TEORÍA DE LAS PROBABILIDADES |
| 650 ## - Materia general | |
| Temática (materia general) | MUESTREO |
| 650 ## - Materia general | |
| Temática (materia general) | HIPÓTESIS |
| 650 ## - Materia general | |
| Temática (materia general) | MEDIDAS Y PROPORCIONES |
| 942 ## - Punto de acceso adicional KOHA | |
| Tipo de ítem KOHA | Libro |
| Fuente del sistema de clasificación o colocación | Dewey Decimal Classification |
| Signatura completa | Código de barras | Programa Académico | Tipo de ítem |
|---|---|---|---|
| 519.2 B957p | 19688 | Libro | |
| 519.2 B957p | 21705 | Libro |